[Event "NCA-chT Final"]
[Site "Managua"]
[Date "2020.11.01"]
[Round "7.11"]
[White "Quintero, Armando"]
[Black "Ferrufino, Michelle"]
[Result "0-1"]
[WhiteElo "1855"]
[BlackElo "1800"]
[PlyCount "64"]
[EventDate "2020.10.24"]
[EventType "team-tourn"]
[EventRounds "11"]
[EventCountry "NCA"]
[SourceTitle "EXT 2022"]
[Source "ChessBase"]
[SourceDate "2021.10.06"]
[SourceVersion "1"]
[SourceVersionDate "2021.10.06"]
[SourceQuality "1"]

1. d4 d5 2. Nf3 e6 3. c4 f5 4. g3 Nf6 5. Bg2 c6 6. Nc3 Be7 7. 0-0 0-0 8. Ne5 Nbd7 9. Nxd7 Bxd7 10. f3 Be8 11. e4 dxc4 12. Qe2 Qxd4+ 13. Be3 Qd3 14. Qxd3 cxd3 15. Rfd1 fxe4 16. Nxe4 Nxe4 17. fxe4 Rd8 18. a3 Bh5 19. Rd2 Be2 20. Bf1 Rxf1+ 21. Rxf1 Bxf1 22. Kxf1 c5 23. b3 a6 24. Ke1 b5 25. Rd1 c4 26. bxc4 bxc4 27. Rc1 Rc8 28. Rc3 Bf6 29. Kd2 Bxc3+ 30. Kxc3 e5 31. Bd2 Kf7 32. g4 Ke6 0-1

[Event "NCA-chT 1st Stage"]
[Site "Managua"]
[Date "2020.10.11"]
[Round "9.4"]
[White "Ferrufino, Michelle"]
[Black "Marquez Carrero, Rafael Alfonso"]
[Result "1-0"]
[WhiteElo "1800"]
[BlackElo "1078"]
[PlyCount "73"]
[EventDate "2020.10.03"]
[EventType "team-swiss"]
[EventRounds "9"]
[EventCountry "NCA"]
[SourceTitle "EXT 2022"]
[Source "ChessBase"]
[SourceDate "2021.10.06"]
[SourceVersion "1"]
[SourceVersionDate "2021.10.06"]
[SourceQuality "1"]

1. e4 g6 2. d4 Bg7 3. Nf3 d6 4. Bc4 e6 5. Nc3 Nd7 6. Be3 c6 7. Qd2 Ne7 8. 0-0-0 d5 9. exd5 exd5 10. Bd3 b6 11. Rde1 0-0 12. Bh6 c5 13. Bxg7 Kxg7 14. h4 c4 15. Bf1 a5 16. h5 Nf5 17. g4 Nh6 18. hxg6 Ng8 19. gxh7 Ne7 20. Qg5+ Ng6 21. Qh6+ Kh8 22. Nxd5 Bb7 23. Rh5 Nf6 24. Nxf6 Qxf6 25. Rf5 Qg7 26. Qd2 Rfe8 27. Rxe8+ Rxe8 28. Bxc4 f6 29. d5 Bc8 30. Bb5 Rd8 31. Nd4 Bxf5 32. Nxf5 Qxh7 33. c4 Qh1+ 34. Kc2 Qe4+ 35. Kb3 Qf3+ 36. Ka4 Qxg4 37. Qh6+ 1-0

[Event "NCA-chT 1st Stage"]
[Site "Managua"]
[Date "2020.10.10"]
[Round "6.4"]
[White "Lopez Cerda, Mario Enrique"]
[Black "Ferrufino, Michelle"]
[Result "0-1"]
[WhiteElo "1342"]
[BlackElo "1800"]
[PlyCount "62"]
[EventDate "2020.10.03"]
[EventType "team-swiss"]
[EventRounds "9"]
[EventCountry "NCA"]
[SourceTitle "EXT 2022"]
[Source "ChessBase"]
[SourceDate "2021.10.06"]
[SourceVersion "1"]
[SourceVersionDate "2021.10.06"]
[SourceQuality "1"]

1. e4 c5 2. Nf3 e6 3. Nc3 a6 4. d3 Nc6 5. Be2 d5 6. exd5 exd5 7. 0-0 Nf6 8. Re1 Be7 9. d4 0-0 10. Bg5 h6 11. Bxf6 Bxf6 12. dxc5 Bxc3 13. bxc3 Bf5 14. Nd4 Bg6 15. Rb1 Rb8 16. Nxc6 bxc6 17. Bxa6 Qa5 18. Bd3 Qxa2 19. Ra1 Qb2 20. Bxg6 fxg6 21. Qd3 Kh7 22. Rad1 Qb5 23. Re6 Qxc5 24. Qxg6+ Kh8 25. Qg3 Rb2 26. Re2 Rb7 27. h4 Rbf7 28. Rd4 Qb5 29. Red2 Qb1+ 30. Kh2 Qe1 31. f3 Qe7 0-1

[Event "NCA-ch Fiestas Patrias op"]
[Site "Managua"]
[Date "2020.09.06"]
[Round "7"]
[White "Ferrufino, Michelle"]
[Black "Arevalo Lopez, Josue"]
[Result "0-1"]
[WhiteElo "1822"]
[BlackElo "2024"]
[PlyCount "52"]
[EventDate "2020.08.29"]
[EventType "swiss"]
[EventRounds "9"]
[EventCountry "NCA"]
[SourceTitle "EXT 2022"]
[Source "ChessBase"]
[SourceDate "2021.10.06"]
[SourceVersion "1"]
[SourceVersionDate "2021.10.06"]
[SourceQuality "1"]

1. e4 Nc6 2. d4 d5 3. e5 f6 4. f4 Bf5 5. Nf3 Qd7 6. c3 Nh6 7. Bd3 0-0-0 8. b4 Rg8 9. a4 g5 10. fxg5 fxg5 11. 0-0 g4 12. Nh4 Bxd3 13. Qxd3 g3 14. hxg3 Ng4 15. Qxh7 Rg7 16. Qd3 e6 17. Bf4 Be7 18. Nd2 Rh8 19. Ndf3 Qd8 20. Nh2 Nxh2 21. Kxh2 Bxh4 22. gxh4 Qxh4+ 23. Qh3 Qd8 24. Bh6 Rg6 25. Rf6 Rxf6 26. exf6 Qxf6 0-1

[Event "NCA-ch Fiestas Patrias op"]
[Site "Managua"]
[Date "2020.09.05"]
[Round "5"]
[White "Granados Diaz, Maria Esther"]
[Black "Ferrufino, Michelle"]
[Result "1-0"]
[WhiteElo "1839"]
[BlackElo "1822"]
[PlyCount "63"]
[EventDate "2020.08.29"]
[EventType "swiss"]
[EventRounds "9"]
[EventCountry "NCA"]
[SourceTitle "EXT 2022"]
[Source "ChessBase"]
[SourceDate "2021.10.06"]
[SourceVersion "1"]
[SourceVersionDate "2021.10.06"]
[SourceQuality "1"]

1. e4 e6 2. d4 d5 3. e5 c5 4. c3 Qb6 5. a3 c4 6. f4 g6 7. Nf3 Nc6 8. a4 Na5 9. Na3 Nb3 10. Ra2 Bd7 11. Nb1 Nxc1 12. Qxc1 Qb3 13. Ra1 Bxa4 14. Na3 Qb6 15. Nxc4 Qb3 16. Na5 Qc2 17. Bb5+ Ke7 18. Bxa4 Qe4+ 19. Kf2 Qf5 20. Nxb7 g5 21. Nd6 Qg4 22. h3 Qh5 23. g4 Qg6 24. Bc6 Kd8 25. Bxa8 Bxd6 26. exd6 Nf6 27. Rxa7 Ne4+ 28. Kg2 Nxd6 29. Bc6 Nc8 30. Rd7+ Ke8 31. Nxg5 e5 32. Rd6+ 1-0

[Event "NCA-ch Fiestas Patrias op"]
[Site "Managua"]
[Date "2020.08.30"]
[Round "2"]
[White "Ferrufino, Michelle"]
[Black "Salazar Cabezas, Alberto Javier"]
[Result "0-1"]
[WhiteElo "1822"]
[BlackElo "2004"]
[PlyCount "84"]
[EventDate "2020.08.29"]
[EventType "swiss"]
[EventRounds "9"]
[EventCountry "NCA"]
[SourceTitle "EXT 2022"]
[Source "ChessBase"]
[SourceDate "2021.10.06"]
[SourceVersion "1"]
[SourceVersionDate "2021.10.06"]
[SourceQuality "1"]

1. e4 e6 2. d4 d5 3. exd5 exd5 4. c4 Bb4+ 5. Nc3 Nf6 6. Be3 0-0 7. Bd3 dxc4 8. Bxc4 Nbd7 9. Nf3 Nb6 10. Bb3 Bg4 11. 0-0 Nbd5 12. Rc1 c6 13. Bg5 Qd6 14. Re1 Rfe8 15. Bxf6 Nxf6 16. Rxe8+ Rxe8 17. Bxf7+ Kxf7 18. Ne5+ Rxe5 19. dxe5 Qxd1+ 20. Nxd1 Nd5 21. h3 Bh5 22. Nc3 Nxc3 23. bxc3 Bc5 24. Rb1 b5 25. Kf1 Bg6 26. Rd1 Ke6 27. f4 Be4 28. Rd8 Bd5 29. Rg8 g6 30. g4 a5 31. Rg7 Bxa2 32. Rxh7 a4 33. Rh8 a3 34. h4 Bb1 35. Ra8 a2 36. Ra6 Kd5 37. Ke2 Ke4 38. e6 Kxf4 39. h5 gxh5 40. gxh5 Kg5 41. h6 Kxh6 42. e7 Bxe7 0-1

[Event "Online Olym Div3 E"]
[Site "Chess.com INT"]
[Date "2020.08.09"]
[Round "9.1"]
[White "Mazariegos, Silvia Carolina"]
[Black "Ferrufino, Michelle"]
[Result "0-1"]
[WhiteElo "1933"]
[BlackElo "1822"]
[PlyCount "44"]
[EventDate "2020.08.07"]
[EventType "team-tourn (rapid)"]
[EventRounds "9"]
[EventCountry "USA"]
[SourceTitle "CBM 198"]
[Source "ChessBase"]
[SourceDate "2020.10.31"]
[SourceVersion "1"]
[SourceVersionDate "2020.10.31"]
[SourceQuality "1"]
[WhiteTeam "Guatemala"]
[BlackTeam "Nicaragua"]
[WhiteTeamCountry "GUA"]
[BlackTeamCountry "NCA"]

1. d4 d5 2. Bf4 f5 3. e3 Nf6 4. Bd3 e6 5. Nd2 Be7 6. c3 0-0 7. Ngf3 Ne4 8. h4 c5 9. Qe2 c4 10. Bxe4 fxe4 11. Ne5 Nd7 12. Nxd7 Bxd7 13. 0-0-0 b5 14. f3 b4 15. cxb4 Bxb4 16. fxe4 Qa5 17. Kb1 Ba4 18. b3 Bb5 19. exd5 exd5 20. bxc4 dxc4 21. Qf2 Bc3 22. Ne4 Qb4+ 0-1

[Event "Online Olym Div4 E"]
[Site "Chess.com INT"]
[Date "2020.08.01"]
[Round "4.4"]
[White "Johnson, Gabriella"]
[Black "Ferrufino, Michelle"]
[Result "0-1"]
[WhiteElo "1823"]
[BlackElo "1822"]
[PlyCount "52"]
[EventDate "2020.07.31"]
[EventType "team-tourn (rapid)"]
[EventRounds "9"]
[EventCountry "USA"]
[SourceTitle "CBM 198"]
[Source "ChessBase"]
[SourceDate "2020.10.31"]
[SourceVersion "1"]
[SourceVersionDate "2020.10.31"]
[SourceQuality "1"]
[WhiteTeam "Trinidad and Tobago"]
[BlackTeam "Nicaragua"]
[WhiteTeamCountry "TRI"]
[BlackTeamCountry "NCA"]

1. e4 c5 2. c3 d5 3. exd5 Qxd5 4. d4 Nf6 5. Nf3 Bg4 6. Nbd2 e6 7. Bc4 Qd6 8. 0-0 Nc6 9. Nb3 cxd4 10. Nbxd4 Be7 11. Qa4 0-0 12. Bg5 Bh5 13. Rad1 Nxd4 14. Rxd4 Qc5 15. b4 Qc7 16. Bf4 Qb6 17. Ng5 a5 18. Re1 axb4 19. Qb3 Ra3 20. Qb1 Rxc3 21. Nxe6 fxe6 22. Rxe6 Qxd4 23. Re4+ Qxc4 24. Rxc4 Rxc4 25. Qb3 Bf7 26. Qe3 Nd5 0-1